00501 a2200145 450000500170000002000180001708200170003510000140005224500630006626000500012930000140017994200130019399900150020695201340022120250627041741.0 a9987-9092-1-3 a320.9676 MSE aMSEKWA, P aReflection on The First Decade of Multi- Party in Tanzania aDar Es SalaambHanns Seidel Foundationc2006. axiv,334p. 2ddccBKS c5479d5479 r2025-06-27 04:19:17l0o320.9676 MSEpMZA0002335w2025-06-27yBKS102ddc407000a003b003cGENd2024-05-17eDonation from TLSB